000 00741cam a22002171 4500
001 sa 68000692
003 DLC
005 20260227112426.0
008 710901s1967 ii ab 000 0 eng
010 _asa 68000692
025 _aPL480:I-E-7427
040 _aDLC
_cDLC
_dDLC
050 0 0 _aPK3663
_b.V9
100 1 _aVyas, Shantikumar Nanooram,
_d1921-
245 1 0 _aIndia in the Rāmāyaṇa age;
_ba study of the social and cultural conditions in ancient India as described in Vālmīki's Rāmāyaṇa.
_cWith 126 illus. and one map.
260 _aDelhi,
_bAtma Ram,
_c1967.
300 _axix, 358 p.
_billus., map.
_c25 cm.
600 0 0 _aVālmīki.
_tRāmāyaṇa.
650 0 _aHindu civilization.
700 0 _aVālmīki.
_tRāmāyaṇa.
999 _c77389
_d77389